000 00833nmc a2200289 a 4500
003 AR-BaBNM
005 20251128204703.0
008 127019s1991 ||||||||||||||000 | spa||
020 _a950-643-010-1
040 _cAR-BaBNM
245 1 0 _aImagen y expresión
_bhermenéutica y teoría literaria desde América Latina
260 _aBuenos Aires
_bFernando García Cambeiro
_c1991
300 0 _a290 p.
490 0 _aEstudios latinoamericanos
650 4 _aANALISIS LITERARIO
650 4 _aCRITICA LITERARIA
650 4 _aINVESTIGACION LITERARIA
650 4 _aTEORIA LITERARIA
650 4 _aHERMENEUTICA
650 4 _aLITERATURA LATINOAMERICANA
651 4 _aAmérica Latina
655 _aLITERATURA
700 1 _aMaturo, Graciela
_ecompilador
800 1 _aMaturo, Graciela
_edirector
942 _cBK
998 _cLAURA
999 _c8420
_d8420